God's dream team. (Record no. 17114)

000 -LEADER
fixed length control field 00470nam a2200169 a 4500
001 - CONTROL NUMBER
control field :::00020836$&:&@@
003 - CONTROL NUMBER IDENTIFIER
control field OkBaRHE
005 - DATE AND TIME OF LATEST TRANSACTION
control field 20040114130616.0
008 - FIXED-LENGTH DATA ELEMENTS--GENERAL INFORMATION
fixed length control field s1999 j 000 0 eng u
040 ## - CATALOGING SOURCE
Transcribing agency
100 1# - MAIN ENTRY--PERSONAL NAME
Personal name Tenney, Tommy
245 10 - TITLE STATEMENT
Title God's dream team.
260 ## - PUBLICATION, DISTRIBUTION, ETC. (IMPRINT)
Place of publication, distribution, etc Ventura, CA
Name of publisher, distributor, etc Regal Books
Date of publication, distribution, etc 1999
300 ## - PHYSICAL DESCRIPTION
Extent 146 p.
942 ## - ADDED ENTRY ELEMENTS (KOHA)
Source of classification or shelving scheme
Koha item type Books
Copies
Lost status Barcode Withdrawn status Source of classification or shelving scheme Full call number Date acquired Price effective from Shelving location Koha item type Not for loan Damaged status Permanent Location Copy number Date last seen
 20836  BV 601.5 .T462010-04-142010-04-14General StacksBooks  RHEMA Bible Training College12010-04-14